Italian Surnames - Sudden Death (C) - Statistics

General Stats
  • This quiz has been taken 20 times
  • The average score is 5 of 15
Answers on the Grid
Answers color-coded by a green-red scale on the quiz's grid according to % correct below.
Canton
Caron
Carlin
Cesari
Ciampi
Chiellini
Cirio
Citterio
Colao
Cielo
Cacace
Caglioni
Cassissa
Camera
Carson
Christie
Cissé
Chi
Chinen
Chen
Cohen
Claus
Ciara
Chao
Cash
Columbus
Cler
Chivu
Castillo
 
Answer Stats
Answer % Correct
Caglioni
64%
Cesari
55%
Ciampi
55%
Citterio
55%
Chiellini
45%
Cacace
36%
Cassissa
36%
Cielo
36%
Cirio
36%
Colao
36%
Canton
18%
Camera
9%
Carlin
9%
Caron
9%
0%
No matching quizzes found
Score Distribution
Percent of People with Each Score
Percentile by Number Answered
Your Score History
You have not taken this quiz